Top 20 most followed people on Instagram - Statistics

General Stats
  • This quiz has been taken 86 times
  • The average score is 10 of 20
Answer Stats
Hint Answer % Correct
395 million Cristiano Ronaldo
83%
282 million Kim Kardashian
82%
304 million Lionel Messi
76%
305 million Kylie Jenner
72%
215 million Kendall Jenner
68%
216 million Khloé Kardashian
67%
217 million Justin Bieber
64%
292 million Ariana Grande
63%
160 million Kourtney Kardashian
63%
293 million Selena Gomez
58%
234 million Beyoncé
53%
168 million Neymar
53%
465 million Instagram
49%
197 million Taylor Swift
47%
292 million Dwayne Johnson
44%
171 million Nicki Minaj
24%
193 million Jennifer Lopez
19%
196 million Nike
17%
204 million National Geographic
8%
181 million Virât Kholi
3%
No matching quizzes found
Score Distribution
Percent of People with Each Score
Percentile by Number Answered
Your Score History
You have not taken this quiz